全国高校サッカー選手権歴代優勝校 - Statistics

General Stats
  • This quiz has been taken 374 times
    85 since last reset
  • The average score is 27 of 108
Answer Stats
年度 学校名 % Correct
2016 | 2018 | 2021 | 2023 青森山田
85%
2017 | 2024 前橋育英
70%
2025 神村学園
65%
1994 | 1996 | 1999 | +2 others 市立船橋
55%
1997 | 1998 | 2015 東福岡
55%
1995 | 2019 静岡学園
53%
1987 | 1990 | 1992 | +3 others 国見
52%
1974 | 1977 | 1979 | +3 others 帝京
48%
1995 | 2004 鹿児島実
43%
2022 岡山学芸館
42%
2007 流経大柏
40%
2014 星稜
38%
1962 | 1963 | 1966 | 1970 藤枝東
33%
2009 山梨学院大附
33%
2020 山梨学院
33%
2013 富山一
27%
1951 | 1954 | 1955 浦和
25%
2010 滝川二
25%
2005 野洲
23%
1924 | 1929 | 1932 | +2 others 神戸一中
20%
1982 清水東
17%
2008 広島皆実
17%
1991 四日市中央工
15%
1985 | 1988 | 1993 清水市商
13%
1965 | 1971 習志野
12%
1959 | 1960 | 1964 | 1972 浦和市立
10%
1981 武南
8%
2006 盛岡商
8%
2012 鵬翔
8%
1917 | 1918 | 1919 | +8 others 御影師範
7%
1936 | 1939 広島一中
7%
1948 鯉城
7%
1969 | 1975 | 1976 浦和南
7%
1957 | 1966 秋田商
5%
1967 洛北
5%
1984 島原商
5%
1986 東海大一
5%
1989 南宇和
5%
1965 明星
3%
1978 | 1980 古河一
3%
1956 浦和西
2%
1967 山陽
2%
1968 初芝
2%
1973 北陽
2%
1927 崇実
0%
1933 岐阜師範
0%
1937 埼玉師範
0%
1940 普成中
0%
1947 広島高師附中
0%
1949 池田
0%
1950 宇都宮
0%
1952 | 1961 修道
0%
1953 岸和田
0%
1953 東千田
0%
1958 山城
0%
No matching quizzes found
Score Distribution
Percent of People with Each Score
Percentile by Number Answered
Your Score History
You have not taken this quiz since the last reset